000 00334nam a22001457a 4500
008 210304b ||||| |||| 00| 0 eng d
020 _a9780470108307
041 _aeng
080 _22nd
_a541
082 _a541
100 _a12
101 _aKIM
245 _aMatter & Interactions Modern Mechanics
_cChabay, R.W
942 _2udc
_cBK
999 _c55722
_d55722